| 000 | 01001nac a22002411u 4500 | ||
|---|---|---|---|
| 010 | _a 2003063152 | ||
| 020 | _a0471576808 (cloth) | ||
| 082 | 0 | 0 |
_a658.4013 _bBRA |
| 090 |
_c6576 _d6576 |
||
| 100 | _aBragg, Steven M. | ||
| 245 | 1 | 0 |
_aController's guide to planning and controlling operations / _cSteven M. Bragg. |
| 260 |
_aNew York : _bJohn Wiley,2004 _c2004. |
||
| 300 |
_aix, 374 p. : _bill. ; _c24 cm. |
||
| 500 | _aIncludes index. | ||
| 500 | _adistributer: Al-Ahram | ||
| 511 | _acatalogued by: wessam | ||
| 650 | 0 |
_aControllership _vHandbooks, manuals, etc. |
|
| 650 | 0 |
_aBusiness planning _vHandbooks, manuals, etc. |
|
| 856 | 4 | 2 |
_3Contributor biographical information _uhttp://www.loc.gov/catdir/bios/wiley047/2003063152.html |
| 856 | 4 | 2 |
_3Publisher description _uhttp://www.loc.gov/catdir/description/wiley041/2003063152.html |
| 856 | 4 | 2 |
_3Table of contents _uhttp://www.loc.gov/catdir/toc/wiley041/2003063152.html |
| 942 |
_cBB _k658.4013BRA |
||
| 999 |
_c6576 _d6576 |
||